Every Song by the Lovin' Spoonful - Statistics

General Stats
  • This quiz has been taken 5 times
  • The average score is 9 of 75
Answer Stats
Album Song % Correct
Do You Believe in Magic(1965) Do You Believe in Magic
100%
Daydream(1966) Daydream
80%
Do You Believe in Magic(1965) Did You Ever Have to Make Up Your Mind?
60%
Hums of the Lovin' Spoonful(1966) Nashville Cats
60%
Everything Playing(1967) Six O'Clock
60%
Daydream(1966) You Didn't Have to Be So Nice
60%
You're a Big Boy Now(1967) Darling Be Home Soon
40%
Hums of the Lovin' Spoonful(1966) Rain on the Roof
40%
Hums of the Lovin' Spoonful(1966) Summer in the City
40%
Do You Believe in Magic(1965) Younger Girl
40%
You're a Big Boy Now(1967) You're a Big Boy Now
40%
Hums of the Lovin' Spoonful(1966) Bes' Friends
20%
Hums of the Lovin' Spoonful(1966) Coconut Grove
20%
Hums of the Lovin' Spoonful(1966) Darlin' Companion
20%
Daydream(1966) Didn't Want to Have to Do It
20%
What's Up, Tiger Lily?(1966) Pow (Theme From 'What's Up, Tiger Lily?')
20%
What's Up, Tiger Lily?(1966) End Title
20%
What's Shakin'(1966) Good Time Music
20%
Daydream(1966) Jug Band Music
20%
You're a Big Boy Now(1967) Lonely (Amy's Theme)
20%
Hums of the Lovin' Spoonful(1966) Lovin' You
20%
Revelation: Revolution '69(1968) Me About You
20%
Everything Playing(1967) Old Folks
20%
Everything Playing(1967) Only Pretty, What a Pity
20%
Revelation: Revolution '69(1968) Revelation: Revolution '69
20%
Everything Playing(1967) She Is Still a Mystery
20%
Hums of the Lovin' Spoonful(1966) 4 Eyes
0%
Revelation: Revolution '69(1968) Amazing Air
0%
You're a Big Boy Now(1967) Barbara's Theme (From the Discotheque)
0%
Daydream(1966) Big Noise from Speonk
0%
Everything Playing(1967) Boredom
0%
Daydream(1966) Butchie's Tune
0%
Everything Playing(1967) Close Your Eyes
0%
What's Up, Tiger Lily?(1966) Cool Million
0%
Daydream(1966) Day Blues
0%
You're a Big Boy Now(1967) Dixieland Big Boy
0%
What's Shakin'(1966) Don't Bank on It Baby
0%
What's Up, Tiger Lily?(1966) Fishin' Blues
0%
Everything Playing(1967) Forever
0%
Hums of the Lovin' Spoonful(1966) Full Measure
0%
You're a Big Boy Now(1967) Girl, Beautiful Girl (Barbara's Theme)
0%
What's Up, Tiger Lily?(1966) Gray Prison Blues
0%
Hums of the Lovin' Spoonful(1966) Henry Thomas
0%
Daydream(1966) It's Not Time Now
0%
Revelation: Revolution '69(1968) Jug of Wine
0%
You're a Big Boy Now(1967) Kite Chase
0%
You're a Big Boy Now(1967) Letter to Barbara
0%
Daydream(1966) Let the Boy Rock and Roll
0%
What's Up, Tiger Lily?(1966) Lookin' to Spy
0%
You're a Big Boy Now(1967) March
0%
You're a Big Boy Now(1967) Miss Thing's Thang
0%
Everything Playing(1967) Money
0%
Revelation: Revolution '69(1968) Never Going Back
0%
Do You Believe in Magic(1965) Night Owl Blues
0%
Revelation: Revolution '69(1968) Only Yesterday
0%
Do You Believe in Magic(1965) On the Road Again
0%
You're a Big Boy Now(1967) Peep Show Percussion
0%
What's Up, Tiger Lily?(1966) Phil's Love Theme
0%
What's Up, Tiger Lily?(1966) Pow Revisited
0%
Everything Playing(1967) Priscilla Millionaira
0%
What's Up, Tiger Lily?(1966) Respoken
0%
What's Up, Tiger Lily?(1966) Speakin' of Spoken
0%
You're a Big Boy Now(1967) The Finale
0%
Revelation: Revolution '69(1968) The Prophet
0%
Daydream(1966) There She Is
0%
Revelation: Revolution '69(1968) (Till I) Run With You
0%
Everything Playing(1967) Try a Little Bit
0%
You're a Big Boy Now(1967) Try and Be Happy
0%
What's Up, Tiger Lily?(1966) Unconscious Minuet
0%
Hums of the Lovin' Spoonful(1966) Voodoo in My Basement
0%
Revelation: Revolution '69(1968) War Games
0%
Daydream(1966) Warm Baby
0%
You're a Big Boy Now(1967) Wash Her Away (From the Discotheque)
0%
Revelation: Revolution '69(1968) Words
0%
Everything Playing(1967) Younger Generation
0%
No matching quizzes found
Score Distribution
Percent of People with Each Score
Percentile by Number Answered
Your Score History
You have not taken this quiz